| 000 | 00364pam a2200157a 44500 | ||
|---|---|---|---|
| 008 | 230515b2008 xxu||||| |||| 00| 0 eng d | ||
| 020 | _a9.78E+12 | ||
| 041 | _aENGLISH | ||
| 082 | _a617.605 | ||
| 100 | _aBAILEY LOVES | ||
| 245 | _aSHORT PRACTICE OF SURGERY | ||
| 250 | _a25TH | ||
| 260 |
_aLONDON _bHODDER ARNOLD _c2008 |
||
| 300 | _a1513 | ||
| 650 | _aSURGERY | ||
| 999 |
_c426136 _d426136 |
||